<?xml version="1.0" encoding="UTF-8"?>
<collection xmlns="http://www.loc.gov/MARC21/slim">
<record>
  <controlfield tag="001">169651</controlfield>
  <controlfield tag="005">20260304131018.0</controlfield>
  <datafield tag="037" ind1=" " ind2=" ">
    <subfield code="a">TAZ-TFM-2025-525</subfield>
  </datafield>
  <datafield tag="041" ind1=" " ind2=" ">
    <subfield code="a">spa</subfield>
  </datafield>
  <datafield tag="100" ind1="1" ind2=" ">
    <subfield code="a">Iglesias García, Marta</subfield>
  </datafield>
  <datafield tag="242" ind1="0" ind2="0">
    <subfield code="a">"Educational innovation project: experimentation and error as a starting point: Proportion and expressiveness through movement drawing"</subfield>
  </datafield>
  <datafield tag="245" ind1="0" ind2="0">
    <subfield code="a">“Dibujo en movimiento, un proyecto de innovación educativa para desarrollar la proporción y la expresividad en Bachillerato”</subfield>
  </datafield>
  <datafield tag="260" ind1=" " ind2=" ">
    <subfield code="a">Zaragoza</subfield>
    <subfield code="b">Universidad de Zaragoza</subfield>
    <subfield code="c">2025</subfield>
  </datafield>
  <datafield tag="506" ind1=" " ind2=" ">
    <subfield code="a">by-nc-sa</subfield>
    <subfield code="b">Creative Commons</subfield>
    <subfield code="c">3.0</subfield>
    <subfield code="u">http://creativecommons.org/licenses/by-nc-sa/3.0/</subfield>
  </datafield>
  <datafield tag="520" ind1=" " ind2=" ">
    <subfield code="a">Este Trabajo de Fin de Máster presenta el diseño de un proyecto de innovación docente fundamentado, el cual se ha desarrollado e implementado durante el periodo de prácticas en un aula de 2º de Bachillerato en la asignatura de Dibujo Artístico II. La presente propuesta plantea una aproximación innovadora a los conceptos de expresividad y proporción, ambos aspectos fundamentales en la formación artística del alumnado de Bachillerato, a través del dibujo en movimiento o dibujo de acción, haciendo uso de estrategias didácticas que combinen el estudio de la proporción con la representación dinámica de la figura y los objetos. Más allá del desarrollo técnico, esta propuesta busca motivar al alumnado y fomentar una actitud más activa y participativa en su proceso de aprendizaje mediante dinámicas que les saquen de su zona de confort y favorezcan la experimentación, el error y la búsqueda de soluciones expresivas, con lo que se pretende romper con la rutina académica y proporcionarles un enfoque renovado que estimule su creatividad y autonomía. En conjunto, esta actividad no solo responde a las necesidades técnicas del alumnado, sino que también busca generar un entorno de trabajo más estimulante y cohesionado, en el que el dibujo deje de ser una tarea meramente académica para convertirse en una herramienta de exploración, expresión y conexión.&lt;br />&lt;br /></subfield>
  </datafield>
  <datafield tag="521" ind1=" " ind2=" ">
    <subfield code="a">Máster Universitario en Profesorado de Educación Secundaria Obligatoria, Bachillerato, Formación Profesional y Enseñanza de Idiomas, Artísticas y Deportivas</subfield>
  </datafield>
  <datafield tag="540" ind1=" " ind2=" ">
    <subfield code="a">Derechos regulados por licencia Creative Commons</subfield>
  </datafield>
  <datafield tag="856" ind1="0" ind2=" ">
    <subfield code="f">796492@unizar.es</subfield>
  </datafield>
  <datafield tag="856" ind1="4" ind2=" ">
    <subfield code="s">2327971</subfield>
    <subfield code="u">http://zaguan.unizar.es/record/169651/files/TAZ-TFM-2025-525.pdf</subfield>
    <subfield code="y">Memoria (spa)</subfield>
  </datafield>
  <datafield tag="856" ind1="4" ind2=" ">
    <subfield code="s">789449</subfield>
    <subfield code="u">http://zaguan.unizar.es/record/169651/files/TAZ-TFM-2025-525_ANE.pdf</subfield>
    <subfield code="y">Anexos (spa)</subfield>
  </datafield>
  <datafield tag="909" ind1="C" ind2="O">
    <subfield code="o">oai:zaguan.unizar.es:169651</subfield>
    <subfield code="p">driver</subfield>
    <subfield code="p">trabajos-fin-master</subfield>
  </datafield>
  <datafield tag="950" ind1=" " ind2=" ">
    <subfield code="a"></subfield>
  </datafield>
  <datafield tag="691" ind1=" " ind2=" ">
    <subfield code="a">4 5 10</subfield>
  </datafield>
  <datafield tag="692" ind1=" " ind2=" ">
    <subfield code="a">Este trabajo realiza las aportaciones marcadas anteriormente mediante el dibujo y la observación de la figura humana en movimiento, fomentando la diversidad y el respeto.</subfield>
  </datafield>
  <datafield tag="700" ind1=" " ind2=" ">
    <subfield code="a">Fayos Bosch, Leticia.</subfield>
    <subfield code="e">dir.</subfield>
  </datafield>
  <datafield tag="710" ind1="2" ind2=" ">
    <subfield code="a">Universidad de Zaragoza</subfield>
    <subfield code="b">Expresión Musical, Plástica y Corporal</subfield>
    <subfield code="c">Didáctica de la Expresión Plástica</subfield>
  </datafield>
  <datafield tag="980" ind1=" " ind2=" ">
    <subfield code="a">TAZ</subfield>
    <subfield code="b">TFM</subfield>
    <subfield code="c">FCSH</subfield>
  </datafield>
  <datafield tag="999" ind1=" " ind2=" ">
    <subfield code="a">20250610211948.CREATION_DATE</subfield>
  </datafield>
  <datafield tag="951" ind1=" " ind2=" ">
    <subfield code="a">deposita:2026-03-04</subfield>
  </datafield>
</record>
</collection>